000 01038nam a22002897a 4500
001 5968
003 FISKH
005 20250213104249.0
008 250213b cb ||||| |||| 00| 0 eng d
020 _a9781338194456
040 _aFISKH
_beng
_cFISKH
_dFISKH
050 _aQL639 .K38
082 _a597.159
100 _aKatschke, Judy
245 _aThe magic school bus rides again :
_bSink or swim /
_cby Judy katschke
250 _aThis edition first published in 2018
260 _aNew York :
_bScholastic,
_c2018.
300 _a91 pages :
_billustrations ;
_c20 cm
505 _aN
520 _aMs. Frizzle takes the class on a trip to a Pacific Island, where the Magic School Bus provides them with individual submarines, and they learn about fish schools and the behavior of undersea animals--and try to avoid being eaten by a shark.
521 8 _a540
_bLexile
521 8 _aN
_bRaz-Plus
650 _2Magic School Bus
_aBranches
650 _2No longer want
_aASLA Fiction
942 _2ddc
_cBK
_n0
999 _c5968
_d5968